000 00910 a2200253 4500
003 Nust
005 20170207165240.0
010 _a 2003386655
020 _a0470844469
035 _a(OCoLC)ocm51032470
040 _cNust
082 0 4 _a621.382
100 1 _aWeiss, Scott.
245 1 0 _aHandheld usability /(E Book)
_cScott Weiss.
260 _aChichester :
_bJohn Wiley,
_cc2002.
300 _axx, 271 p. :
_bill. ;
_c25 cm.
650 0 _aApplication software
_xDevelopment.
650 0 _aMobile computing.
650 0 _aPocket computers
650 0 _aWireless communication systems
_xDesign and construction.
856 4 2 _3Contributor biographical information
_uhttp://www.loc.gov/catdir/bios/wiley044/2003386655.html
856 4 2 _3Publisher description
_uhttp://www.loc.gov/catdir/description/wiley037/2003386655.html
856 4 2 _3Table of contents
_uhttp://www.loc.gov/catdir/toc/wiley031/2003386655.html
942 _2ddc
_cBK
999 _c211182
_d211182